[Event "ECC"]
[Site "Halkidiki GRE"]
[Date "2002.09.27"]
[Round "6"]
[White "Lazic,Mi"]
[Black "Hernando Rodrigo,Jo"]
[Result "1-0"]
[WhiteElo "2459"]
[BlackElo "2393"]
[EventDate "2002.09.22"]

1. e4 d5 2. exd5 Qxd5 3. Nc3 Qa5 4. d4 Nf6 5. Bc4 Nc6 6. d5 Nb4 7. Bd2 Qc5
8. Bb5+ Bd7 9. Bxd7+ Kxd7 10. Be3 Qd6 11. Qe2 Rd8 12. a3 Qa6 13. O-O-O Qxe2
14. Ngxe2 Na6 15. Nb5 g6 16. Nxa7 Bg7 17. h3 Ne4 18. Nb5 Nd6 19. Nxd6 cxd6
20. Bd4 Bxd4 21. Nxd4 Rc8 22. Kb1 Rc5 23. Nb3 Rb5 24. Rd4 Rc8 25. Rhd1 Nc5
26. Nxc5+ Rbxc5 27. c3 Rc4 28. Rxc4 Rxc4 29. Rd4 Rc7 30. Kc2 e6 31. Rh4 h5
32. dxe6+ Kxe6 33. Kd3 f5 34. Rb4 Re7 35. Rb6 h4 36. f4 g5 37. fxg5 Rg7 38.
Ke3 Rxg5 39. Kf2 Rg7 40. a4 Rc7 41. Rb4 Rh7 42. a5 Ke5 43. Kf3 Ke6 44. Rb5
Rg7 45. Kf4 Rxg2 46. Rxb7 Rf2+ 47. Kg5 Rg2+ 48. Kxh4 Rg8 49. a6 f4 50. a7
f3 51. Rb8 f2 52. a8=Q f1=Q 53. Qe4+ Kf7 54. Rb7+ 1-0

[Event "ECC"]
[Site "Halkidiki GRE"]
[Date "2002.09.27"]
[Round "6"]
[White "Banikas,H"]
[Black "Eingorn,V"]
[Result "1/2-1/2"]
[WhiteElo "2521"]
[BlackElo "2604"]
[EventDate "2002.09.22"]

1. d4 e6 2. c4 Bb4+ 3. Bd2 a5 4. Nf3 Nf6 5. g3 d5 6. Qc2 c5 7. cxd5 cxd4 8.
Nxd4 O-O 9. Bg2 Qb6 10. e3 exd5 11. O-O Nc6 12. Nxc6 bxc6 13. Rc1 Ne4 14.
Bxb4 1/2-1/2

[Event "ECC"]
[Site "Halkidiki GRE"]
[Date "2002.09.27"]
[Round "6"]
[White "Mastrovasilis,A"]
[Black "Savchenko,S"]
[Result "1/2-1/2"]
[WhiteElo "2461"]
[BlackElo "2537"]
[EventDate "2002.09.22"]

1. c4 e5 2. g3 Nf6 3. Bg2 c6 4. d4 exd4 5. Qxd4 d5 6. cxd5 cxd5 7. Nf3 Nc6
8. Qa4 Bc5 9. O-O O-O 10. Bg5 Re8 11. e3 h6 12. Bxf6 Qxf6 13. Nc3 Be6 14.
Rfd1 Rad8 15. Ne1 d4 16. Ne4 Qe7 17. Nxc5 Qxc5 18. Nd3 Qb6 19. e4 Bg4 20.
f3 Bd7 21. Qa3 Ne5 22. Qc5 Qxc5 23. Nxc5 Bc6 24. Nd3 f5 25. Nxe5 Rxe5 26.
Rd2 fxe4 27. fxe4 Bxe4 28. Re1 Rde8 29. Rde2 d3 30. Rxe4 d2 31. Rd1 Rxe4
32. Bxe4 Rxe4 33. Rxd2 1/2-1/2

[Event "ECC"]
[Site "Halkidiki GRE"]
[Date "2002.09.27"]
[Round "6"]
[White "Tzermiadianos,And"]
[Black "Kuzmin,G"]
[Result "0-1"]
[WhiteElo "2440"]
[BlackElo "2512"]
[EventDate "2002.09.22"]

1. e4 c5 2. c3 e6 3. d4 d5 4. exd5 exd5 5. Nf3 Nc6 6. Bb5 cxd4 7. Nxd4 Bd7
8. O-O Be7 9. Be3 Nf6 10. Nb3 O-O 11. N1d2 Qc7 12. Bc5 Bg4 13. Be2 Bxe2 14.
Qxe2 Bxc5 15. Nxc5 d4 16. Nce4 Nxe4 17. Nxe4 Rfe8 18. Rfe1 dxc3 19. bxc3
Re6 20. Qc4 Rae8 21. Re3 b5 22. Qd5 Ne5 23. Ng3 Qb6 24. Rae1 Ng4 25. R3e2
Nxf2 26. Qd4 Qxd4 27. cxd4 Rxe2 28. Rxe2 Rxe2 29. Nxe2 Ne4 30. Nc1 f5 31.
Kf1 Kf7 32. Ke2 Nc3+ 33. Kd3 Nd5 34. g3 g5 35. a3 h6 36. Nb3 Ke7 37. Nc5
Nf6 38. Nb3 Kd6 39. Nd2 Kd5 40. h3 Ne4 0-1

[Event "ECC"]
[Site "Halkidiki GRE"]
[Date "2002.09.27"]
[Round "6"]
[White "Shneider,A"]
[Black "Pinchuk,S"]
[Result "1/2-1/2"]
[WhiteElo "2506"]
[BlackElo "2425"]
[EventDate "2002.09.22"]

1. d4 d5 2. Nf3 Nf6 3. c4 e6 4. Nc3 Nbd7 5. Bg5 Be7 6. e3 c6 7. Qc2 O-O 8.
O-O-O dxc4 9. Bxc4 b5 10. Bd3 Bb7 11. Kb1 Rc8 12. Ne5 h6 13. Bxf6 Nxf6 14.
f4 c5 15. dxc5 1/2-1/2

[Event "ECC"]
[Site "Halkidiki GRE"]
[Date "2002.09.27"]
[Round "6"]
[White "Romanishin,O"]
[Black "Sakaev,K"]
[Result "1/2-1/2"]
[WhiteElo "2559"]
[BlackElo "2647"]
[EventDate "2002.09.22"]

1. d4 Nf6 2. Nf3 d5 3. c4 c6 4. e3 Bf5 5. Nc3 e6 6. Bd3 Bg6 7. O-O Nbd7 8.
b3 Ne4 9. Bb2 Bd6 10. Ne2 O-O 11. c5 Bc7 12. b4 Qf6 13. Rb1 Rfe8 14. Ng3
Nxg3 15. hxg3 e5 16. dxe5 Nxe5 17. Bxe5 Bxe5 18. Bxg6 hxg6 19. b5 Bc3 20.
Qd3 Rad8 21. bxc6 bxc6 22. Qa6 g5 23. Rfd1 Re4 24. Qxa7 g4 25. Nd4 Bxd4 26.
Rxd4 Rxd4 27. exd4 Qxd4 28. Qc7 Qf6 29. a4 Re8 30. Rb8 Rxb8 31. Qxb8+ Kh7
32. Qb1+ g6 33. a5 Qc3 34. a6 Qa3 35. Qb7 Qc1+ 1/2-1/2

[Event "ECC"]
[Site "Halkidiki GRE"]
[Date "2002.09.27"]
[Round "6"]
[White "Mikhalchishin,A"]
[Black "Korchnoi,V"]
[Result "1/2-1/2"]
[WhiteElo "2533"]
[BlackElo "2626"]
[EventDate "2002.09.22"]

1. Nf3 Nf6 2. c4 e6 3. d4 b6 4. e3 Bb7 5. Bd3 g6 6. O-O Bg7 7. Nc3 d5 8.
Qe2 O-O 9. Rd1 Nbd7 10. e4 dxe4 11. Nxe4 c5 12. Bg5 Qc7 13. Rac1 Nh5 14.
Bb1 cxd4 15. Nxd4 Nc5 16. Qe3 a6 17. b4 Nxe4 18. Bxe4 e5 19. Bxb7 Qxb7 20.
Ne2 f6 21. Bh6 Bxh6 22. Qxh6 Rad8 23. Qe3 Qc6 24. Qb3 Kh8 25. Rd5 Ng7 26.
Rcd1 Ne6 27. h4 Kg7 28. R1d2 Qc7 29. a3 Rxd5 30. cxd5 Qd6 31. Rc2 Nd8 32.
Qc4 Rf7 33. Qxa6 Qxd5 34. Qc4 Qd1+ 35. Kh2 b5 36. Rc1 Qd7 37. Qe4 Ne6 38.
Qc6 Qd2 39. Qxe6 Qxe2 40. Qb6 Qe4 41. Kg1 Qe2 42. g3 Rd7 43. Rc7 Qd1+ 44.
Kh2 Qd2 45. Qe3 Qd5 1/2-1/2

[Event "ECC"]
[Site "Halkidiki GRE"]
[Date "2002.09.27"]
[Round "6"]
[White "Popov,Val"]
[Black "Maksimenko,A"]
[Result "1-0"]
[WhiteElo "2579"]
[BlackElo "2523"]
[EventDate "2002.09.22"]

1. c4 c5 2. Nf3 Nc6 3. Nc3 e5 4. g3 g6 5. Bg2 Bg7 6. d3 Nge7 7. Nd2 d6 8.
Nf1 Be6 9. Ne3 Qd7 10. h4 h5 11. Ned5 O-O 12. Rb1 Rab8 13. Qa4 a6 14. Bg5
f6 15. Bd2 Kh7 16. Nxe7 Nxe7 17. Qxd7 Bxd7 18. b4 cxb4 19. Rxb4 b5 20. cxb5
Bxb5 21. Nxb5 axb5 22. O-O Rfc8 23. Rfb1 Nc6 24. R4b2 f5 25. Bxc6 Rxc6 26.
a4 e4 27. Rxb5 Ra8 28. Rb7 Rc2 29. Be3 Rxe2 30. dxe4 Kg8 31. Rb8+ Rxb8 32.
Rxb8+ Kh7 33. a5 Ra2 34. Ra8 fxe4 35. a6 d5 36. Bb6 d4 37. a7 d3 38. Rd8
Bf6 39. a8=Q 1-0

[Event "ECC"]
[Site "Halkidiki GRE"]
[Date "2002.09.27"]
[Round "6"]
[White "Sulypa,A"]
[Black "Ivanov,Se"]
[Result "1-0"]
[WhiteElo "2505"]
[BlackElo "2561"]
[EventDate "2002.09.22"]

1. e4 e6 2. d4 d5 3. Nc3 Bb4 4. exd5 exd5 5. Bd3 Nf6 6. a3 Be7 7. h3 O-O 8.
Nge2 b6 9. b4 c5 10. bxc5 bxc5 11. dxc5 Nbd7 12. c6 Ne5 13. Bb5 a6 14. Ba4
Be6 15. O-O Rc8 16. Nd4 Qa5 17. Bd2 Nc4 18. Bb3 Qc5 19. Bf4 Nxa3 20. Qd3 a5
21. Rfe1 Nh5 22. Be3 Qd6 23. Rxa3 Qxa3 24. Ncb5 Qb2 25. Bc1 Qb1 26. Bd2 Qb2
27. Bc3 Nf4 28. Qf3 1-0

[Event "ECC"]
[Site "Halkidiki GRE"]
[Date "2002.09.27"]
[Round "6"]
[White "Alekseev,E"]
[Black "Kozakov,M"]
[Result "1-0"]
[WhiteElo "2580"]
[BlackElo "2450"]
[EventDate "2002.09.22"]

1. e4 d6 2. d4 Nf6 3. Nc3 g6 4. Be3 c6 5. h3 Qb6 6. Qd2 Bg7 7. O-O-O Qa5 8.
Kb1 b5 9. e5 dxe5 10. dxe5 Nfd7 11. e6 Ne5 12. exf7+ Nxf7 13. Ne4 Qxd2 14.
Rxd2 Nd7 15. Nf3 O-O 16. Nd4 Nd8 17. Nb3 Nf6 18. Nxf6+ Bxf6 19. g3 Nf7 20.
Na5 Be6 21. Bg2 Nd6 22. Re1 Nc4 23. Nxc4 Bxc4 24. Bxc6 Rac8 25. Bg2 a5 26.
Bd5+ Kg7 27. Bxc4 Rxc4 28. Rd5 Rb8 29. Red1 a4 30. Rd8 Rxd8 31. Rxd8 Re4
32. b3 a3 33. Kc1 b4 34. Kd2 Kf7 35. Rd5 Re6 36. Bd4 Bxd4 37. Rxd4 Rb6 38.
c3 bxc3+ 39. Kxc3 Rc6+ 40. Kd2 Ra6 41. Ra4 Rd6+ 42. Ke2 g5 43. Rxa3 Rh6 44.
b4 Rxh3 45. b5 Ke6 46. Rd3 Rh1 47. Rd1 1-0

[Event "ECC"]
[Site "Halkidiki GRE"]
[Date "2002.09.27"]
[Round "6"]
[White "Tiviakov,S"]
[Black "Relange,E"]
[Result "1/2-1/2"]
[WhiteElo "2628"]
[BlackElo "2494"]
[EventDate "2002.09.22"]

1. e4 c5 2. Nc3 d6 3. f4 Nc6 4. Nf3 g6 5. Bc4 Bg7 6. O-O e6 7. d3 Nge7 8.
Qe1 h6 9. Bb3 a6 10. Bd2 b5 11. Nh4 O-O 12. Qg3 Nd4 13. Rae1 Kh7 14. Nd1 d5
15. exd5 1/2-1/2

[Event "ECC"]
[Site "Halkidiki GRE"]
[Date "2002.09.27"]
[Round "6"]
[White "Jacimovic,D"]
[Black "Conquest,S"]
[Result "1/2-1/2"]
[WhiteElo "2469"]
[BlackElo "2542"]
[EventDate "2002.09.22"]

1. d4 d5 2. c4 e6 3. Nc3 c6 4. Bf4 dxc4 5. a4 Nf6 6. e3 Nd5 7. Bxc4 Nxf4 8.
exf4 Bd6 9. g3 O-O 10. Nf3 Nd7 11. O-O b6 12. Qe2 Re8 13. Rfd1 Bb7 14. Ne5
Nf6 15. Rac1 Qe7 16. f5 Rad8 17. fxe6 fxe6 18. Rd2 Kh8 19. Re1 Ba8 20. Ng4
Nd5 21. Ne5 Nf6 22. Ng4 Nd5 23. Ne5 1/2-1/2

[Event "ECC"]
[Site "Halkidiki GRE"]
[Date "2002.09.27"]
[Round "6"]
[White "Apicella,M"]
[Black "Stanojoski,Z"]
[Result "1-0"]
[WhiteElo "2510"]
[BlackElo "2479"]
[EventDate "2002.09.22"]

1. e4 c5 2. Nf3 Nc6 3. d4 cxd4 4. Nxd4 g6 5. Nc3 Bg7 6. Be3 Nf6 7. Bc4 O-O
8. Bb3 a5 9. a4 d6 10. f3 Nxd4 11. Bxd4 Be6 12. Bxe6 fxe6 13. O-O Rc8 14.
Nb5 Nd7 15. c3 Ne5 16. Qb3 Qd7 17. Rad1 Nc6 18. Be3 Kh8 19. Na3 Ne5 20. h3
Rb8 21. f4 Nf7 22. e5 Qc6 23. Qxe6 Qxa4 24. Qxe7 Qb3 25. Bd4 Rbe8 26. Qc7
dxe5 27. fxe5 Ng5 28. Qxa5 Qxb2 29. Nc4 Qe2 30. Nd6 Rxf1+ 31. Rxf1 Bxe5 32.
Bxe5+ Qxe5 33. Rf8+ 1-0

[Event "ECC"]
[Site "Halkidiki GRE"]
[Date "2002.09.27"]
[Round "6"]
[White "Stojanovski,D"]
[Black "Moingt,JC"]
[Result "1-0"]
[WhiteElo "2416"]
[BlackElo "2284"]
[EventDate "2002.09.22"]

1. e4 c5 2. Nf3 Nc6 3. d4 cxd4 4. Nxd4 g6 5. c4 Nf6 6. Nc3 d6 7. Be2 Nxd4
8. Qxd4 Bg7 9. Bg5 O-O 10. Qd2 Be6 11. Rd1 Qa5 12. O-O Rfc8 13. b3 a6 14.
Bxf6 Bxf6 15. Nd5 Qxd2 16. Nxf6+ Kg7 17. Nh5+ gxh5 18. Rxd2 h4 19. f4 f5
20. Bf3 Rc7 21. Re1 fxe4 22. Bxe4 Rf8 23. g3 hxg3 24. hxg3 Bf5 25. Rd5 Bxe4
26. Rxe4 Rf6 27. Kg2 Kf7 28. g4 h6 29. Kg3 Rc8 30. Re1 Rg8 31. Rh1 Rgg6 32.
Rdh5 e6 33. Kf3 Kg7 34. Rd1 e5 35. f5 Kf8 36. Rxd6 Rxd6 37. fxg6 Rd2 38.
Rxh6 Rxa2 39. Rh7 b5 40. Ke4 bxc4 41. bxc4 Rc2 42. Rc7 Rg2 43. Kxe5 Rxg4
44. Kf5 Rg2 45. c5 Rf2+ 46. Ke6 Re2+ 47. Kd5 Rg2 48. g7+ Kg8 49. c6 a5 50.
Ra7 Rg5+ 51. Kd6 Rg6+ 52. Kc5 Rg1 53. c7 Rc1+ 54. Kb6 Rb1+ 55. Kxa5 Ra1+
56. Kb6 Rb1+ 57. Kc6 Rc1+ 58. Kb7 Rb1+ 59. Ka8 1-0

[Event "ECC"]
[Site "Halkidiki GRE"]
[Date "2002.09.27"]
[Round "6"]
[White "Huzman,A"]
[Black "Kishnev,S"]
[Result "1/2-1/2"]
[WhiteElo "2591"]
[BlackElo "2497"]
[EventDate "2002.09.22"]

1. d4 Nf6 2. Nf3 e6 3. c4 b6 4. g3 Ba6 5. Qb3 d5 6. cxd5 Qxd5 7. Nc3 Qxb3
8. axb3 Bb7 9. Bg2 a5 10. O-O Na6 11. Bf4 Bd6 12. Rfc1 O-O-O 13. Bxd6 Rxd6
14. e3 Bxf3 15. Bxf3 Nd5 1/2-1/2

[Event "ECC"]
[Site "Halkidiki GRE"]
[Date "2002.09.27"]
[Round "6"]
[White "Coenen,N"]
[Black "Greenfeld,A"]
[Result "0-1"]
[WhiteElo "2425"]
[BlackElo "2562"]
[EventDate "2002.09.22"]

1. e4 c5 2. Nf3 Nc6 3. d4 cxd4 4. Nxd4 Nf6 5. Nc3 d6 6. Bg5 e6 7. Qd2 a6 8.
O-O-O Bd7 9. f4 Be7 10. Nf3 b5 11. Bxf6 gxf6 12. Bd3 Qa5 13. Kb1 O-O-O 14.
Qf2 Kb7 15. Rhf1 Bc8 16. a3 Ka8 17. Nd4 Nxd4 18. Qxd4 Bb7 19. Be2 Rc8 20.
Na2 Qc7 21. Qd3 h5 22. Nc3 Qb6 23. f5 Rc5 24. Qh3 Re5 25. Bxh5 a5 26. g4 b4
27. axb4 axb4 28. Na2 b3 29. Nc3 bxc2+ 30. Kxc2 Rc8 31. Ra1+ Kb8 32. Ra4
Bxe4+ 33. Kc1 Qb3 34. Rxe4 Rxe4 35. Qd3 Ra4 36. Kb1 Rxc3 0-1

[Event "ECC"]
[Site "Halkidiki GRE"]
[Date "2002.09.27"]
[Round "6"]
[White "Marechal,A"]
[Black "Golod,V"]
[Result "0-1"]
[WhiteElo "2288"]
[BlackElo "2538"]
[EventDate "2002.09.22"]

1. e4 c5 2. c3 Qa5 3. Nf3 d6 4. Na3 Nf6 5. Qc2 Nc6 6. Be2 Bg4 7. d3 g6 8.
O-O Bg7 9. Bg5 O-O 10. Nc4 Qd8 11. Rfe1 b5 12. Ne3 Bd7 13. Rad1 Rc8 14. Qb1
a6 15. Bh4 Ng4 16. Nxg4 Bxg4 17. Nd4 cxd4 18. Bxg4 Rc7 19. cxd4 Nxd4 20.
Rc1 h5 21. Be2 Bh6 22. Rxc7 Qxc7 23. h3 Bd2 24. Rd1 Bf4 25. Bf1 g5 26. Bg3
Bxg3 27. fxg3 d5 28. exd5 Rc8 29. Kh1 Qxg3 30. Rc1 Rxc1 31. Qxc1 Kg7 32.
Qd2 f6 33. b3 g4 34. b4 Qe5 35. Qd1 Nf5 36. hxg4 Ng3+ 37. Kg1 Qd4+ 38. Kh2
Qf2 39. gxh5 Nxf1+ 40. Kh1 Ng3+ 41. Kh2 Ne2 0-1

[Event "ECC"]
[Site "Halkidiki GRE"]
[Date "2002.09.27"]
[Round "6"]
[White "Palo,D"]
[Black "Gofshtein,Z"]
[Result "0-1"]
[WhiteElo "2394"]
[BlackElo "2519"]
[EventDate "2002.09.22"]

1. d4 Nf6 2. c4 e6 3. Nf3 c5 4. d5 exd5 5. cxd5 d6 6. Nc3 g6 7. e4 Bg7 8.
h3 O-O 9. Bd3 a6 10. O-O b5 11. Bf4 Re8 12. Re1 Ra7 13. a3 h6 14. Qd2 g5
15. Bh2 Rae7 16. b4 c4 17. e5 dxe5 18. Bc2 e4 19. Nxg5 hxg5 20. Bxb8 e3 21.
fxe3 Bb7 22. d6 Rd7 23. Ba7 Rxd6 24. Bd4 Nh5 25. Ne2 Qd7 26. Rf1 Nf4 27.
Nxf4 Rxd4 28. exd4 Qxd4+ 29. Qf2 Qxf2+ 30. Kxf2 Bd4+ 31. Kg3 gxf4+ 32. Kxf4
Bxa1 33. Rxa1 Re2 34. Bf5 Rxg2 35. Rd1 Kg7 36. Rd6 c3 37. Rd3 Rf2+ 38. Kg5
Rf3 39. Rxf3 Bxf3 40. Bc2 Bd5 41. Kf4 Bg2 42. h4 Kh6 43. Bd1 Bh3 44. Ke3
Bf5 45. Bf3 c2 46. Kd2 Bd3 47. Bb7 f5 48. Bxa6 f4 49. Bb7 Kh5 50. Bd5 Kxh4
51. a4 bxa4 52. b5 Bxb5 53. Kxc2 Kg3 54. Kb2 Kf2 55. Ka3 Ke3 56. Kb4 Bd3
57. Kxa4 Be4 58. Be6 f3 59. Kb4 f2 60. Bh3 Bf5 61. Bg2 Kf4 62. Kc3 Kg3 63.
Bf1 Bh3 0-1

[Event "ECC"]
[Site "Halkidiki GRE"]
[Date "2002.09.27"]
[Round "6"]
[White "Kantsler,B"]
[Black "Boe,M"]
[Result "1-0"]
[WhiteElo "2487"]
[BlackElo "2390"]
[EventDate "2002.09.22"]

1. d4 f5 2. g3 Nf6 3. Bg2 e6 4. c4 Be7 5. Nf3 O-O 6. O-O d6 7. Nc3 Qe8 8.
Re1 Qh5 9. e4 fxe4 10. Nxe4 Nc6 11. Nc3 Nd8 12. h3 h6 13. Be3 Bd7 14. Nh4
Qxd1 15. Raxd1 Kf7 16. Nf3 a6 17. b4 Rb8 18. d5 e5 19. c5 Kg8 20. Nh4 Kf7
21. Rc1 g5 22. Nf3 Kg7 23. Nd2 Nf7 24. Nc4 Bf5 25. Na5 Rfe8 26. c6 b6 27.
Nc4 Bd8 28. Bf1 h5 29. Bd2 Ra8 30. Bg2 g4 31. h4 Be7 32. a4 Kg6 33. Bf1 Bf8
34. a5 b5 35. Nb6 Rab8 36. Nd7 Nxd7 37. cxd7 Red8 38. Ne4 Rxd7 39. Rc6 Bxe4
40. Rxe4 Ra8 41. Rxa6 1-0

[Event "ECC"]
[Site "Halkidiki GRE"]
[Date "2002.09.27"]
[Round "6"]
[White "Finkel,A"]
[Black "Pedersen,F"]
[Result "1-0"]
[WhiteElo "2485"]
[BlackElo "2266"]
[EventDate "2002.09.22"]

1. e4 c6 2. d4 d5 3. e5 Bf5 4. Nf3 e6 5. Be2 Ne7 6. O-O Nd7 7. Nh4 Bg6 8.
Nxg6 hxg6 9. Nd2 c5 10. c3 Nc6 11. Nf3 Qb6 12. h4 Be7 13. g3 O-O-O 14. Rb1
Kb8 15. b4 cxd4 16. cxd4 Rc8 17. Bf4 Rc7 18. Rb3 Rhc8 19. Qa1 Nxb4 20. a3
Nc2 21. Qb2 Qa5 22. Bd2 Qa4 23. Bb5 Bxa3 24. Qb1 Qxb3 25. Qxb3 Be7 26. Ba5
b6 27. Ba6 Rd8 28. Bc3 Na3 29. Bb4 Bxb4 30. Qxb4 Nc4 31. Nd2 Nxd2 32. Qxd2
Ka8 33. Rc1 Rxc1+ 34. Qxc1 Nb8 35. Qc7 Rd7 36. Bb7+ 1-0

[Event "ECC"]
[Site "Halkidiki GRE"]
[Date "2002.09.27"]
[Round "6"]
[White "Rasmussen,C"]
[Black "Stisis,Y"]
[Result "1/2-1/2"]
[WhiteElo "2304"]
[BlackElo "2405"]
[EventDate "2002.09.22"]

1. c4 e5 2. g3 Nc6 3. Bg2 g6 4. Nc3 Bg7 5. e4 d6 6. Nge2 h5 7. h4 Bg4 8. f3
Be6 9. d3 Qd7 10. Nd5 Nd4 11. Nxd4 exd4 12. Nf4 Be5 13. O-O Bxf4 14. Bxf4
Ne7 15. Bd2 O-O-O 16. b4 Kb8 17. Qc2 Bh3 18. Rab1 Ka8 19. Rb3 Bxg2 20. Kxg2
f5 21. Qb2 fxe4 22. dxe4 c5 23. bxc5 dxc5 24. Rb1 b6 25. Qa3 Qe6 26. Bg5
Rb8 27. Bxe7 Qxe7 28. Rxb6 Rxb6 29. Rxb6 d3 30. Qa4 Qc7 31. Rb2 Rd8 32. Rd2
Qb6 33. Kf2 Qd6 34. Qb3 Qd4+ 35. Kg2 Rd6 36. a4 Rd8 37. a5 Qd6 38. Qc3 Kb7
39. Kf2 Kc6 40. a6 Qd4+ 41. Qxd4 cxd4 42. Rxd3 Kc5 43. Ke2 Rb8 44. Ra3 Kxc4
45. Ra4+ Kc5 46. Ra2 Rb3 47. Rc2+ Kb5 48. Rc7 Kxa6 49. Rd7 Re3+ 50. Kf2 Rd3
51. f4 Rd2+ 52. Kf3 Rd3+ 53. Kg2 Rd2+ 54. Kf3 Rd3+ 55. Kf2 Rd2+ 56. Ke1 Rd3
57. Rd6+ Kb5 58. Rxg6 a5 59. Rg5+ Kb4 60. f5 Re3+ 61. Kd2 Rf3 62. Ke2 Re3+
63. Kf2 Rxe4 64. f6 Re8 65. Rd5 a4 66. Rxd4+ Kb3 67. g4 hxg4 68. Kg3 a3 69.
Rd3+ Kb4 70. Kxg4 a2 71. Rd1 Re2 72. h5 Rf2 73. Kg5 Rg2+ 74. Kf5 Rf2+ 75.
Kg5 Rg2+ 76. Kh6 Rf2 77. Kg7 Rg2+ 78. Kf8 Rh2 79. f7 Rxh5 80. Kg7 Rf5 81.
f8=Q+ Rxf8 82. Kxf8 Kb3 83. Ke7 Kb2 84. Kd6 a1=Q 85. Rxa1 Kxa1 1/2-1/2

[Event "ECC"]
[Site "Halkidiki GRE"]
[Date "2002.09.27"]
[Round "6"]
[White "Bitansky,I"]
[Black "Rewitz,P"]
[Result "1-0"]
[WhiteElo "2337"]
[BlackElo "2286"]
[EventDate "2002.09.22"]

1. c4 g6 2. Nc3 Bg7 3. g3 f5 4. Bg2 Nf6 5. d3 O-O 6. Nf3 d6 7. O-O Nc6 8.
Rb1 Rb8 9. b4 a6 10. a4 a5 11. bxa5 Nxa5 12. Nd5 e6 13. Nxf6+ Bxf6 14. Bb2
g5 15. Bxf6 Qxf6 16. Qd2 Nc6 17. Qxg5+ Qxg5 18. Nxg5 Ra8 19. Ra1 Bd7 20.
Rfb1 Ra7 21. f4 Rfa8 22. Bxc6 bxc6 23. c5 h6 24. Nf3 Kf8 25. Nd2 Ke7 26.
Nc4 d5 27. Ne5 Be8 28. Rb4 Kd8 29. Kf2 Ra5 30. d4 Kc8 31. g4 fxg4 32. Nxg4
Rb5 33. axb5 Rxa1 34. Nf6 Bg6 35. bxc6 Ra6 36. Nd7 Ra8 37. Rb3 Be8 38. Rg3
Kd8 39. Rg8 1-0

[Event "ECC"]
[Site "Halkidiki GRE"]
[Date "2002.09.27"]
[Round "6"]
[White "Poldauf,D"]
[Black "Kosic,D"]
[Result "0-1"]
[WhiteElo "2410"]
[BlackElo "2542"]
[EventDate "2002.09.22"]

1. c4 e6 2. g3 d5 3. Bg2 Nf6 4. Nf3 c5 5. cxd5 exd5 6. d4 Be7 7. O-O O-O 8.
Nc3 Nc6 9. Bg5 cxd4 10. Nxd4 Bg4 11. Rc1 a6 12. Be3 Qd7 13. Re1 Bh3 14. Bh1
Rfd8 15. Nxc6 bxc6 16. Na4 Re8 17. Bc5 Bd8 18. Bd4 Ne4 19. Nc5 Nxc5 20.
Bxc5 Bf5 21. b4 a5 22. a3 Be4 23. Bxe4 Rxe4 24. Kg2 h5 25. Qd3 axb4 26.
axb4 h4 27. Ra1 h3+ 28. Kf1 Rc8 29. Red1 Qe6 30. Ra6 Rc4 31. Raa1 Bf6 32.
Rac1 Ra8 33. Rc2 Ra3 34. Qxa3 Rxc2 35. Qd3 Rc3 36. Qb1 d4 37. f3 Re3 38.
Qc2 Qd5 39. Rd3 Rxd3 40. Qxd3 g6 41. Kf2 Kg7 42. Qe4 Qxe4 43. fxe4 Be5 44.
Kf3 f5 45. exf5 gxf5 46. g4 Kg6 47. Bb6 Bxh2 48. Bxd4 Bd6 49. gxf5+ Kxf5
50. e4+ Ke6 51. Bc3 Be5 52. Bd2 Kd7 53. Be3 Kc8 54. Bc5 Kb7 55. Bf8 Ka6 56.
Bc5 Kb5 57. Bf8 Kc4 58. Be7 Kd3 59. Bf8 h2 60. Kg2 Kxe4 61. Bc5 Kd5 62. Be3
Bd6 63. Kh1 Kc4 64. Bd2 Kb3 65. Kg2 Bxb4 66. Be3 Bd6 67. Bd4 Kc4 68. Be3
Kd3 69. Bf2 Ke4 70. Bb6 Kd5 71. Be3 Be5 72. Bb6 Ke4 73. Bc5 Bf4 74. Kh1 Be5
75. Kg2 Kd5 76. Bb6 Bd4 77. Ba5 c5 78. Kxh2 Ke4 79. Kg2 c4 80. Bb4 Kd3 81.
Kf3 Be3 82. Bd6 c3 83. Be5 c2 84. Bb2 Bh6 85. Ba3 Kc3 86. Ke2 Kb3 87. Kd3
Bg5 0-1

[Event "ECC"]
[Site "Halkidiki GRE"]
[Date "2002.09.27"]
[Round "6"]
[White "Rasic,D"]
[Black "Thiede,L"]
[Result "0-1"]
[WhiteElo "2342"]
[BlackElo "2416"]
[EventDate "2002.09.22"]

1. e4 g6 2. d4 Bg7 3. Nf3 d6 4. Nc3 Nf6 5. Be2 O-O 6. O-O Nc6 7. d5 Nb8 8.
Re1 e5 9. dxe6 Bxe6 10. Nd4 Bd7 11. Bf3 Re8 12. Bf4 Nc6 13. Nxc6 Bxc6 14.
Qd2 Nd7 15. Rad1 a5 16. Bg5 Bf6 17. Be3 b5 18. b3 b4 19. Nd5 Bxd5 20. Qxd5
Bc3 21. Re2 Ne5 22. Rb1 Qf6 23. Bc1 c6 24. Qd1 Nxf3+ 25. gxf3 Qxf3 26. Qd3
Qg4+ 27. Kh1 d5 28. f3 Qh4 29. Bd2 dxe4 30. fxe4 Rad8 31. Qe3 Bxd2 32. Rxd2
Rxd2 33. Qxd2 Qxe4+ 34. Kg1 Qg4+ 35. Kf2 Re5 36. Rf1 Rf5+ 37. Ke1 Qe4+ 38.
Qe2 Rxf1+ 39. Kxf1 Qh1+ 0-1

[Event "ECC"]
[Site "Halkidiki GRE"]
[Date "2002.09.27"]
[Round "6"]
[White "Rudolf,Hen"]
[Black "Glavas,D"]
[Result "1-0"]
[WhiteElo "2348"]
[BlackElo "2273"]
[EventDate "2002.09.22"]

1. e4 e6 2. d4 d5 3. Nc3 Bb4 4. e5 c5 5. a3 Bxc3+ 6. bxc3 Qa5 7. Bd2 Qa4 8.
Nf3 b6 9. c4 dxc4 10. dxc5 bxc5 11. Be3 Nd7 12. Ng5 Bb7 13. Qh5 g6 14. Qh4
Ne7 15. Nxh7 O-O-O 16. Qxe7 Rxh7 17. Qd6 Rh5 18. f4 Qxc2 19. Rc1 Qe4 20.
Kf2 Nxe5 21. Qxc5+ Bc6 22. fxe5 Rf5+ 23. Ke1 Rxe5 24. Rxc4 Qxe3+ 25. Qxe3
Rxe3+ 26. Kf2 Rxa3 27. Rxc6+ Kb8 28. Be2 Rb3 29. Rc2 Rc8 30. Rd2 a5 31. Ra1
Rc5 32. Rda2 Kc7 33. Rxa5 Rxa5 34. Rxa5 Kd7 35. Ra7+ Ke8 36. Rc7 Kf8 37.
Bd1 Rb2+ 38. Kg3 Rd2 39. Bf3 Rd4 40. h4 Kg7 41. Rc1 Rd8 42. Rc4 Rh8 43. Kf2
Rd8 44. Ke3 Rb8 45. Kd4 Kf6 46. Kc5 Rd8 47. Rd4 Rc8+ 48. Bc6 Rh8 49. Kd6
Kg7 50. Rf4 Kf8 51. Bd7 Kg8 52. Ke7 e5 53. Rg4 Rh5 54. Kf6 Kf8 55. Rb4 Kg8
56. g3 1-0

[Event "ECC"]
[Site "Halkidiki GRE"]
[Date "2002.09.27"]
[Round "6"]
[White "Stefansson,H"]
[Black "Hickl,J"]
[Result "1/2-1/2"]
[WhiteElo "2588"]
[BlackElo "2602"]
[EventDate "2002.09.22"]

1. e4 d6 2. d4 g6 3. c4 e5 4. Nf3 Bg7 5. Nc3 exd4 6. Nxd4 Ne7 7. Bg5 h6 8.
Bh4 g5 9. Bg3 Nbc6 10. Nxc6 Nxc6 11. Be2 Be6 12. Nd5 Nd4 13. O-O c6 14. Ne3
Qd7 15. Rc1 c5 16. Bh5 Be5 17. Rc3 O-O-O 18. Rd3 Nc6 19. f3 Kb8 20. b3
1/2-1/2

[Event "ECC"]
[Site "Halkidiki GRE"]
[Date "2002.09.27"]
[Round "6"]
[White "Naumann,A"]
[Black "Asmundsson,I"]
[Result "1-0"]
[WhiteElo "2507"]
[BlackElo "2338"]
[EventDate "2002.09.22"]

1. d4 d5 2. c4 c6 3. Nf3 Nf6 4. Nc3 dxc4 5. a4 c5 6. e4 Bg4 7. d5 e6 8.
Bxc4 exd5 9. Nxd5 Nc6 10. O-O Bd6 11. Bg5 O-O 12. Qc1 Bxf3 13. Bxf6 gxf6
14. Qh6 Be5 15. gxf3 Kh8 16. Kh1 Rg8 17. Rg1 Rg6 18. Qh5 Qf8 19. f4 Bd6 20.
Rg3 Qg7 21. Rag1 Nd4 22. e5 fxe5 23. f5 Rh6 24. Rxg7 Rxh5 25. Nf6 Rxh2+ 26.
Kxh2 Nf3+ 27. Kh3 Nxg1+ 28. Rxg1 1-0

[Event "ECC"]
[Site "Halkidiki GRE"]
[Date "2002.09.27"]
[Round "6"]
[White "Bergsson,Sn"]
[Black "Bezold,M"]
[Result "0-1"]
[WhiteElo "2288"]
[BlackElo "2468"]
[EventDate "2002.09.22"]

1. d4 g6 2. c4 Bg7 3. Nc3 c5 4. d5 Bxc3+ 5. bxc3 f5 6. e4 fxe4 7. f3 e5 8.
fxe4 Qh4+ 9. Kd2 Nf6 10. Nf3 Nxe4+ 11. Kc2 Qe7 12. Bd3 Nf2 13. Qe1 Nxd3 14.
Kxd3 O-O 15. Bh6 Rf5 16. Qe3 d6 17. Ng5 Nd7 18. g4 Rf4 19. h3 b5 20. Raf1
bxc4+ 21. Kc2 Qf6 22. Ne4 Rxf1 23. Nxf6+ Rxf6 24. Bg5 Rf7 25. Bd8 Nb6 26.
Bxb6 axb6 27. Kb1 Bd7 28. Rh2 Raf8 29. Kb2 Kg7 30. Qg5 b5 31. Qe3 h6 32.
Qe2 Rf4 33. a3 Rf3 34. a4 b4 35. Qxc4 bxc3+ 36. Kc1 R8f4 0-1

[Event "ECC"]
[Site "Halkidiki GRE"]
[Date "2002.09.27"]
[Round "6"]
[White "Novkovic,Mi"]
[Black "Gretarsson,A"]
[Result "1-0"]
[WhiteElo "2375"]
[BlackElo "2313"]
[EventDate "2002.09.22"]

1. d4 Nf6 2. Nf3 g6 3. c4 Bg7 4. Nc3 O-O 5. Bg5 h6 6. Bh4 d6 7. e3 Nbd7 8.
Be2 e5 9. Qc2 c6 10. O-O Re8 11. Rad1 Qc7 12. b4 a5 13. a3 axb4 14. axb4 g5
15. Bg3 Nh5 16. d5 Ndf6 17. dxc6 bxc6 18. e4 Bb7 19. Qb3 Nf4 20. Bxf4 exf4
21. Bd3 Nd7 22. Rb1 Ne5 23. Nxe5 Bxe5 24. Rfc1 Qd7 25. b5 f3 26. g3 h5 27.
bxc6 Bxc6 28. Nd5 h4 29. Ne3 hxg3 30. hxg3 Bd4 31. Nf5 Bc5 32. Ra1 Rxe4 33.
Bxe4 Rxa1 34. Qb8+ Kh7 35. Ne7+ Bxe4 36. Qg8+ Kh6 37. Qf8+ Kh5 38. Qh8+ Kg4
39. Kh2 1-0